| 000 | 00444nam a2200181Ia 4500 | ||
|---|---|---|---|
| 005 | 20250603145607.0 | ||
| 008 | 250603s9999 xx 000 0 und d | ||
| 020 | _a9789380027609 | ||
| 050 | _aP 90 .P73/ | ||
| 100 | _aPrasad, Prajapati | ||
| 245 | 0 | _aProfessional communication: global good english | |
| 260 | _aNew Delhi | ||
| 260 | _bS. K. Kataria & sons | ||
| 260 | _c2015 | ||
| 300 | _a268 p | ||
| 650 | _aNew Delhi | ||
| 942 | _cBK | ||
| 999 |
_c42299 _d42299 |
||